Insects - Sudden Death - Statistics

General Stats
  • This quiz has been taken 11,176 times
  • The average score is 6 of 16
Answers on the Grid
Answers color-coded by a green-red scale on the quiz's grid according to % correct below.
Bonobo
Centipede
Crayfish
Cricket
Damselfly
Dover sole
Earwig
Firefly
Flea
Giant anteater
Hawk moth
Honey bee
Hornet
Krill
Leafcutter ant
Leech
Limpet
Mayfly
Mosquito
Praying mantis
Roman snail
Scorpion
Sea urchin
Shieldbug
Stag beetle
Starfish
Stickleback
Swallowtail
Tapeworm
Termite
Three-toed sloth
Woodlouse
 
Answer Stats
Answer % Correct
Mosquito
53%
Firefly
52%
Cricket
49%
Flea
47%
Hornet
47%
Honey bee
46%
Termite
46%
Praying mantis
43%
Stag beetle
43%
Mayfly
41%
Leafcutter ant
40%
Earwig
36%
Hawk moth
35%
Damselfly
34%
Shieldbug
25%
Swallowtail
9%
No matching quizzes found
Score Distribution
Percent of People with Each Score
Percentile by Number Answered
Your Score History
You have not taken this quiz